000 00431nam a2200157 i 4500
001 78828
003 ES-MaACL
005 20230906173829.0
007 t|
008 041018s1920 fr ||||1| fre d
100 1 _aHallays, André (
_d1859-1930)
_961583
245 1 0 _aEn Flânant, a travers l'Alsace /
_cAndré Hallays.
260 _a[Lagny :
_bE. Grevin],
_c1920.
300 _aIII, 342 p. ;
_c19 cm.
852 _aES-MaACL
_jF-2491
999 _c78828
_d78828